Vista normal
Vista MARC
Entrada Nombre de reunión
Número de registros utilizados en: 1
001 - NÚMERO DE CONTROL
- campo de control: 83045
003 - IDENTIFICADOR DEL NÚMERO DE CONTROL
- campo de control: DO-SdBNP
005 - FECHA Y HORA DE LA ÚLTIMA TRANSACCIÓN
- campo de control: 20230123103110.0
008 - DATOS DE LONGITUD FIJA
- campo de control de longitud fija: 230123|| aca||aabn | a|a d
040 ## - FUENTE DE LA CATALOGACIÓN
- Centro catalogador/agencia de origen: DO-SdBNP
- Centro/agencia transcriptor: DO-SdBNP
111 ## - ENCABEZAMIENTO--NOMBRE DE CONGRESO/REUNIÓN
- Nombre de congreso/reunión o jurisdicción como elemento de entrada: XIV Cumbre judicial Iberoamericana
- Sede del congreso/Lugar de la reunión: Brasilia-Brasil
- Fecha del congreso/reunión: 2008
670 ## - FUENTE DE DATOS ENCONTRADOS
- Cita de la fuente: Work cat.: (DO-SdBNP)44170: Cumbre judicial Iberoamericana (XIV 2008: Brasilia-Brasil) 55871, "Reglas de Brasilia sobre acceso a la justicia de las personas en condición de vulnerabilidad"., 2012.
